书目信息 |
| 题名: |
事实与建构
|
|
| 作者: | 蔡帼芬 , 刘笑盈 主编 | |
| 分册: | ||
| 出版信息: | 北京 中国传媒大学出版社 2008.06 |
|
| 页数: | 305页 | |
| 开本: | 24cm | |
| 丛书名: | 21世纪媒介理论丛书 | |
| 单 册: | ||
| 中图分类: | G210 , G219.2 | |
| 科图分类: | ||
| 主题词: | 国际新闻--传播媒介--研究--中国 , 国际新闻 , 传播媒介 | |
| 电子资源: | ||
| ISBN: | 978-7-81127-258-1 | |
| 000 | 01181oam2 2200313 450 | |
| 001 | 010700055159 | |
| 005 | 20091208151353.43 | |
| 010 | @a978-7-81127-258-1@dCNY39.80 | |
| 100 | @a20080825d2008 em y0chiy0110 ea | |
| 101 | 0 | @achi |
| 102 | @aCN@b110000 | |
| 105 | @aa z 000yy | |
| 106 | @ar | |
| 200 | 1 | @a事实与建构@9shi shi yu jian gou@e国际新闻的理论与实践@f蔡帼芬,刘笑盈主编 |
| 210 | @a北京@c中国传媒大学出版社@d2008.06 | |
| 215 | @a305页@c图@d24cm | |
| 225 | 2 | @a21世纪媒介理论丛书 |
| 330 | @a国际新闻是新闻学的一个重要分支,学术界的研究相对滞后。相对于国际新闻的巨大现实存在,建立中国自己的国际新闻学研究体系具有重大的理论和现实意义。本书分两部分:理论部分主要探讨国际新闻报道或传播理念的历史发展与理论意义,实践部分主要由调查报告和业务研究组成。 | |
| 461 | 0 | @12001 @a21世纪媒介理论丛书 |
| 517 | 1 | @a国际新闻的理论与实践@9guo ji xin wen de li lun yu shi jian |
| 606 | 0 | @a国际新闻@x传播媒介@x研究@y中国 |
| 606 | 0 | @a国际新闻 |
| 606 | 0 | @a传播媒介 |
| 690 | @aG210@v4 | |
| 690 | @aG219.2@v4 | |
| 701 | 0 | @a蔡帼芬@9cai guo fen@4主编 |
| 701 | 0 | @a刘笑盈@9liu xiao ying@4主编 |
| 801 | 0 | @aCN@bRENTIAN@c20091208 |
| 905 | @b20795929-33@dG210@e334@f5 | |
| 事实与建构:国际新闻的理论与实践/蔡帼芬,刘笑盈主编.-北京:中国传媒大学出版社,2008.06 |
| 305页:图;24cm.-(21世纪媒介理论丛书) |
| ISBN 978-7-81127-258-1:CNY39.80 |
| 国际新闻是新闻学的一个重要分支,学术界的研究相对滞后。相对于国际新闻的巨大现实存在,建立中国自己的国际新闻学研究体系具有重大的理论和现实意义。本书分两部分:理论部分主要探讨国际新闻报道或传播理念的历史发展与理论意义,实践部分主要由调查报告和业务研究组成。 |
| ● |
| 相关链接 |
|
|
|
|
正题名:事实与建构
索取号:G210/334
 
预约/预借
| 序号 | 登录号 | 条形码 | 馆藏地/架位号 | 状态 | 备注 |
| 1 | 795929 | 207959299 | 第一样本阅览室/ [索取号:G210/334] | 在馆 | |
| 2 | 795930 | 207959306 | 第四借阅区/ [索取号:G210/334] | 在馆 | |
| 3 | 795931 | 207959315 | 第四借阅区/ [索取号:G210/334] | 在馆 | |
| 4 | 795932 | 207959324 | 第四借阅区/ [索取号:G210/334] | 在馆 | |
| 5 | 795933 | 207959333 | 中文系资料室/ [索取号:G210/334] | 在馆 |